Countries with the most Universities in the top 100 - Statistics

General Stats
  • This quiz has been taken 58 times
  • The average score is 12 of 13
Answer Stats
# Country % Correct
4 France
100%
17 UK
100%
27 USA
100%
6 China
98%
3 Canada
96%
3 Germany
96%
5 Japan
96%
6 Australia
90%
5 Hong Kong
88%
6 South Korea
88%
2 Sweden
78%
2 Switzerland
78%
2 Netherlands
76%
No matching quizzes found
Score Distribution
Percent of People with Each Score
Percentile by Number Answered
Your Score History
You have not taken this quiz